[Event "73. Tata Steel GMA"]
[Site "Wijk aan Zee NED"]
[Date "2011.01.26"]
[Round "10"]
[White "Nakamura, Hikaru"]
[Black "Vachier Lagrave, Maxime"]
[Result "1-0"]
[WhiteElo "2751"]
[BlackElo "2715"]
[PlyCount "65"]
[EventDate "2011.01.14"]
[Source "Mark Crowther"]
[SourceDate "2011.01.03"]

{D87: Grünfeldindisch (Abtauschvariante, Botwinnik-Variante)} 1. d4 Nf6 2. c4
g6 3. Nc3 d5 4. cxd5 Nxd5 5. e4 Nxc3 6. bxc3 Bg7 7. Bc4 c5 8. Ne2 Nc6 9. Be3
O-O 10. O-O Na5 11. Bd3 b6 12. Qd2 e5 13. Bg5 (13. Bh6 exd4 14. Bxg7 Kxg7 15.
cxd4 cxd4 16. Rac1 Bb7 17. f4 Rc8 18. Rxc8 (18. f5 Rxc1 19. Qxc1 Nc6 20. f6+
Kh8 21. Qg5 Qd6 22. Ng3 Rg8 23. Bc4 Ne5 24. Bb3 d3 25. h3 Ba6 26. Rf4 d2 27.
Kh2 Qc5 28. h4 Nd3 29. e5 Nxf4 30. Ne4 Ne6 31. Bxe6 Qc6 32. Bxf7 d1=Q {Shirov,
A (2722)-Vachier Lagrave,M (2715)/Wijk aan Zee NED 2011/0-1}) 18... Qxc8 19. f5
Nc6 20. Rf3 Ne5 21. Rh3 Rh8 22. f6+ Kg8 23. Qh6 Qf8 24. Qxf8+ Kxf8 25. Nxd4 Ke8
26. Bb5+ Kd8 27. Rc3 a6 {Karjakin,S (2732)-Carlsen,M (2765)/Foros 2008/1/2-1/2}
) 13... Qd7 14. Bh6 Bb7 $146 (14... Bxh6 15. Qxh6 f6 16. f4 Qg7 17. Qh4 exf4
18. Qxf4 Be6 19. Qf2 Rad8 20. Nf4 Bf7 21. Rad1 cxd4 22. cxd4 Rd6 23. Rc1 Rd7
24. d5 Nb7 25. Rc6 Nc5 26. Bc2 Re7 27. Qd4 Rd8 28. Qxf6 Qxf6 29. Rxf6 {Gelfand,
B (2733)-Kamsky,G (2720)/Bazna 2009/1/2-1/2}) (14... Bxh6 15. Qxh6 exd4 16.
cxd4 $14) 15. Bxg7 Kxg7 16. d5 (16. dxe5 $2 c4 17. Nd4 cxd3 18. Qxd3 Qc7 $19)
16... f5 17. f3 Rf7 18. exf5 c4 $2 (18... Qxd5 $142 $5 19. Qe3 gxf5 20. Qg5+
Kh8 21. Bxf5 Rg7 $14) 19. Bc2 $16 gxf5 20. Rad1 f4 21. g3 Qd6 (21... Rg8 $5 $16
) 22. gxf4 $18 exf4 23. Kh1 Re8 (23... Rg8 24. Rfe1 Rd8 25. Qd4+ Qf6 26. Nxf4
$18) 24. Rg1+ Kf8 (24... Kh8 25. Rg4 Rg8 26. Rxf4 $18) 25. Be4 Bc8 26. Nd4 Qf6
$2 (26... Qh6 $18) 27. Ne6+ Bxe6 28. dxe6 Qxe6 (28... Rxe6 29. Qg2 Re8 30. Qg8+
Ke7 $18) 29. Bd5 Qh3 (29... Qe2 30. Qd4 Qe5 31. Bxf7 Qxd4 32. Rxd4 Re3 $18) 30.
Bxf7 Qxf3+ 31. Rg2 Kxf7 32. Qd7+ Kf6 33. Qg7+ (33. Qg7+ Ke6 34. Re1+ Kd6 35.
Rxe8 Qd1+ 36. Rg1 Qd5+ 37. Qg2 $18) (33. Qxe8 $6 Qxd1+ 34. Rg1 Qd5+ 35. Rg2
Qd1+ 36. Rg1 Qd5+ 37. Rg2 Qd1+ $11) 1-0

[Event "73. Tata Steel GMA"]
[Site "Wijk aan Zee NED"]
[Date "2011.01.17"]
[Round "3"]
[White "Carlsen, Magnus"]
[Black "Giri, Anish"]
[Result "0-1"]
[WhiteElo "2814"]
[BlackElo "2686"]
[PlyCount "44"]
[EventDate "2011.01.14"]
[Source "Mark Crowther"]
[SourceDate "2011.01.03"]

{D76: Grünfeld-Verteidigung (3.g3)} 1. d4 Nf6 2. c4 g6 3. g3 Bg7 4. Bg2 d5 5.
cxd5 Nxd5 6. Nf3 Nb6 7. Nc3 Nc6 8. e3 O-O 9. O-O Re8 10. Re1 a5 11. Qd2 $146 (
11. d5 Nb4 12. e4 c6 13. a3 Na6 14. Be3 Nc4 15. Qe2 Nxe3 16. Qxe3 Bg4 17. Ng5
e5 18. h3 Bd7 19. Rad1 c5 20. Bf1 Rb8 21. d6 Bh6 22. f4 b5 23. Nd5 f6 24. Nf3
Be6 25. Ne7+ Rxe7 {Chandler,M (2535)-Ftacnik,L (2605)/Germany 1995/GER-chT/1/
2-1/2}) (11. Qc2 e5 12. Nxe5 Nxe5 13. dxe5 Bxe5 14. e4 c6 15. f4 Bd4+ 16. Kh1
Nd5 17. Rd1 Nb4 18. Qe2 Qb6 19. a3 Nd5 20. Qc2 Nf6 21. h3 Be6 22. Na4 Qa7 23.
Bd2 Rad8 24. Bc3 Nh5 25. Bxd4 Rxd4 {Khismatullin,D (2659)-Nepomniachtchi,I 
(2720)/Moscow RUS 2010/0-1}) 11... e5 (11... a4 12. Rd1 $11) 12. d5 $14 Nb4 13.
e4 c6 14. a3 cxd5 15. axb4 axb4 16. Rxa8 bxc3 17. bxc3 Nxa8 18. exd5 (18. Qxd5
Qxd5 19. exd5 Nb6 $11) 18... Nb6 $15 19. Rd1 (19. Nh4 $142 $5 $15) 19... e4 $17
20. Ng5 $2 (20. Nd4 $142 $17) 20... e3 $1 $19 21. Qb2 (21. fxe3 Qxg5) (21. --
$140 exd2) 21... Qxg5 (21... Na4 22. Qb4 Nxc3 23. Rf1 Qxg5 24. Bxe3 $19) 22.
Bxe3 Qg4 (22... Qg4 23. Qb3 (23. f3 Qa4 24. Ra1 Nc4 25. Rxa4 Nxb2 26. Ra8 Bxc3
27. Bh3 Bd7 $19) 23... Qa4 24. Qxa4 Nxa4 $19) 0-1

[Event "9. Parsvnath Open"]
[Site "New Delhi IND"]
[Date "2011.01.08"]
[Round "2"]
[White "Bykhovsky, Avigdor"]
[Black "Kuzubov, Yuriy"]
[Result "1-0"]
[WhiteElo "2428"]
[BlackElo "2624"]
[PlyCount "63"]
[EventDate "2011.01.08"]
[EventType "swiss"]
[EventRounds "11"]
[EventCountry "IND"]
[Source "Mark Crowther"]
[SourceDate "2011.01.03"]

{D38: Damengambit (Ragosin-Verteidigung)} 1. d4 Nf6 2. c4 e6 3. Nf3 d5 4. Nc3
Bb4 5. cxd5 exd5 6. Qa4+ Nc6 7. Ne5 $146 (7. Bf4 O-O 8. a3 Bd6 9. Bg5 Be6 10.
e3 a6 11. Bd3 Be7 12. Qc2 h6 13. Bh4 Nh5 14. Bxe7 Qxe7 15. O-O Rad8 16. Na4 Bg4
17. Nd2 Rd6 18. Rae1 Bc8 19. b4 f5 20. Nf3 Qf6 21. Nc3 f4 {Ibragimov,I (2602)
-Khurtsidze,N (2405)/Athen 1999/1/2-1/2}) 7... Bd7 8. Nxc6 Bxc3+ 9. bxc3 Bxc6
10. Qa3 Ne4 11. g3 Nd6 12. Bg2 O-O 13. Qb3 Re8 14. Bxd5 Qd7 15. Bxc6 Qxc6 16.
d5 Qa6 17. Be3 Nc4 18. O-O Rad8 19. Rad1 Re5 (19... h6 20. Rd3 $11) 20. Rd4 $14
Nxe3 21. fxe3 Rd6 (21... Rxe3 $4 22. d6 Kh8 23. dxc7 $18) (21... Qxe2 $4 22. d6
Qxe3+ 23. Kg2 $18) 22. c4 Qb6 (22... h6 23. Rd3 $16) 23. Qc3 $18 Rd8 $2 (23...
Rf6 $142 24. Rf3 Re8 $18) 24. Rxf7 $3 Rde8 (24... Kxf7 25. Rf4+) (24... -- $140
25. Rxg7+ Kf8 (25... Kxg7 26. Rg4+) (25... Kh8 26. Rh4) 26. Rf4+) 25. Rdf4 Qd6
26. Qd4 a6 27. R4f5 (27. e4 b6 $18) 27... b5 28. cxb5 (28. Rf4 $5 bxc4 29. Qxc4
g5 $18) 28... axb5 29. Rxe5 (29. e4 $142 $18) 29... Rxe5 $2 (29... Qxe5 $142
30. Qxe5 Rxe5 31. Rxc7 Rxd5 $18) 30. Rd7 $1 Qxd7 (30... Qxd7 31. Qxe5) (30...
-- $140 31. Rxd6) 31. Qxe5 Kf7 (31... c5 32. e4 c4 33. Qd4 $18) 32. e4 1-0

[Event "53. Masters"]
[Site "Reggio Emilia ITA"]
[Date "2011.01.03"]
[Round "6"]
[White "Gashimov, Vugar"]
[Black "Ivanchuk, Vassily"]
[Result "1-0"]
[WhiteElo "2733"]
[BlackElo "2764"]
[PlyCount "53"]
[EventDate "2010.12.28"]
[EventType "tourn"]
[EventRounds "9"]
[EventCountry "ITA"]
[EventCategory "18"]
[Source "Mark Crowther"]
[SourceDate "2011.01.03"]

{B12: Caro-Kann (Vorstoss-Variante)} 1. e4 c6 2. d4 d5 3. e5 Bf5 4. Nf3 e6 5.
Be2 c5 6. Be3 Qb6 7. Nc3 Nc6 8. O-O Qxb2 9. Qe1 cxd4 10. Bxd4 Nxd4 11. Nxd4 Bb4
12. Rb1 Bxc3 $146 (12... Qxc3 13. Rxb4 Qxe1 14. Rxe1 b6 15. Bb5+ Kf8 16. Nxf5
exf5 17. Bc6 Rd8 18. Ra4 Ne7 19. Bb7 Rd7 20. Rxa7 g6 21. Ra8+ Kg7 22. Rxh8 Kxh8
23. Ba6 Ra7 24. Bd3 Rxa2 25. Rb1 Nc6 26. f4 Nd4 27. Rxb6 {Svidler,P (2739)
-Stellwagen,D (2630)/Amsterdam 2009/CBM 132/1/2-1/2 (41)}) 13. Rxb2 Bxe1 14.
Rxe1 b6 15. Bb5+ Kf8 16. Nxf5 exf5 17. Rb3 Ne7 18. Rc3 a6 19. Bd7 {Will e6
spielen} g6 20. Rc7 b5 (20... Rg8 21. g3 $14) 21. e6 $16 f6 22. Re3 Rb8 (22...
b4 23. Rb3 a5 24. c3 $16) 23. Ra7 Rb6 (23... Kg7 24. Bc6 (24. Rxa6 $6 b4 $14)
24... Kf8 25. Bb7 $18 (25. Rxa6 $143 f4 26. Rea3 f5 $16)) 24. Rc3 h5 $2 (24...
d4 $142 $5 25. Ra3 Kg7 $18) 25. Bc8 $18 Rh7 26. Rcc7 f4 (26... Rd6 $18) 27. Ra8
1-0